| 000 | 01226nam a2200301 c 4500 | ||
|---|---|---|---|
| 003 | BLK | ||
| 005 | 20180420215610.0 | ||
| 008 | 180413b bul|||||r ||||||| ||bul|| | ||
| 010 | _aKNG00022837000 | ||
| 020 |
_a954-04-0117-8 _bиздат.: Нар. култура |
||
| 040 | _aBLK | ||
| 041 |
_aBUL _cBUL |
||
| 080 |
_aКолумбийска литература _b821.134.2(861) _x-31 _z821.134.2(861)-31 |
||
| 100 | 1 |
_aГарсия Маркес, Габриел _eпърви автор _9242204 |
|
| 700 | 1 |
_aМишев, Лъчезар _eпрев. от исп. _9264948 |
|
| 139 |
_aГарсия Маркес, Габриел _bГ 23 |
||
| 245 | 1 | 0 |
_aЗа любовта и други демони _bРоман _cГабриел Гарсия Маркес; прев. от исп. Лъчезар Мишев. |
| 257 | _aCOL | ||
| 260 |
_аСофия _bНар. култура _c1998 _fСофия : Офсетграфик |
||
| 300 |
_a150 с. _bс портр. _c20 см |
||
| 380 | _aX | ||
| 500 | _aОриг. загл. Amore e otros demonios / Gabriel Garcia Marquez . | ||
| 852 | _aЦб 196197 | ||
| 856 | 4 |
_qpdf _u |
|
| 856 | 4 |
_qpdf _u |
|
| 942 |
_cKNG _n0 |
||
| 944 |
_aCR _c15.01.2003 _kAB_DOS |
||
| 944 |
_aED _c14.02.2017 _kХристина_Везирева |
||
| 999 |
_c20603 _d20603 |
||